00166nam a2200061Ia 4500008004100000100002000041245004300061120527s9999 xx 000 0 und d aCleary & watson aPsychology: Essence of the human soul